000 00685nam a2200289Ia 4500
005 20260324134717.0
008 008 260324s9999 xx 000 0 eng d
020 _a9780429247194
037 _aEBOOK
040 _aCRL
040 _beng
040 _cCRL
041 _2eng
041 _aeng
084 _qCRL
100 _aD.H. Stamatis
_91171491
245 0 _aSix Sigma and Beyond
245 0 _bFoundations of Excellent Performance, Volume I
260 _bTaylor and Francis
260 _c2001
365 _a
365 _b350
856 _uhttp://www.taylorfrancis.com/books/9780429247194
942 _cEBOOK
999 _c1798214
_d1798214